00349 a2200145 450000100060000002000180000604000240002410000200004824000360006824500310010430000100013536200090014544000180015465000310017247667 a9788506067413 cAnchieta - Aquarius aSmith, David J.10aO direito de ser criançalpor10aO direito de ser criança a39 p.0 a2012 1aMelhoramentos 4aLiteratura infanto-juvenil